00322 2200145 4500001002100000005001500021035002000036245003900056100001700095300001100112260001900123082000800142084001400150990001200164INLIS00000000000209220250527095952 a0010-05250003841 aKontakte Deustch 1 /cTini Harjono0 aTini Harjono a201hlm bKatalis,c1999 a430 a430 TIN k a0713313